<?xml version="1.0" encoding="UTF-8"?>
<marc:record xmlns:marc="http://www.loc.gov/MARC21/slim">
   <marc:leader>00000nam a2200000 a 4500</marc:leader>
   <marc:datafield ind1="0" ind2="0" tag="245">
      <marc:subfield code="a">Helden im Sturm</marc:subfield>
   </marc:datafield>
   <marc:datafield ind1="0" ind2="0" tag="245">
      <marc:subfield code="b">Feuerwehrmann Sam</marc:subfield>
   </marc:datafield>
   <marc:datafield ind1=" " ind2="1" tag="264">
      <marc:subfield code="b">FM Kids</marc:subfield>
      <marc:subfield code="c">2017</marc:subfield>
   </marc:datafield>
   <marc:datafield ind1="1" ind2=" " tag="490">
      <marc:subfield code="a">Feuerwehrmann Sam</marc:subfield>
   </marc:datafield>
   <marc:datafield ind1="1" ind2=" " tag="520">
      <marc:subfield code="a">In Pontypandy ist mächtig was los - nach vielen Jahren bekommt die Feuerwehr endlich eine neue, viel gößere Feuerwache. Das muss natürlich groß gefeiert werden! Außerdem ergänzen zwei neue Feuerwehrleute die Mannschaft. Aber die entspannt-ausgelassene Stimmung wird jäh getrübt, als ein gewaltiger Hurrikan auf Pontypandy zurrast. Die Situation spitzt sich zu, und weit und breit ist kein Feuerwehrmann Sam zu sehen.</marc:subfield>
   </marc:datafield>
   <marc:datafield ind1=" " ind2=" " tag="020">
      <marc:subfield code="a">4260264434270</marc:subfield>
      <marc:subfield code="9">4260264434270</marc:subfield>
   </marc:datafield>
   <marc:datafield ind1="0" ind2=" " tag="490">
      <marc:subfield code="v">0</marc:subfield>
   </marc:datafield>
   <marc:datafield ind1=" " ind2=" " tag="300">
      <marc:subfield code="a">1 DVD, ca. 60 Min.</marc:subfield>
   </marc:datafield>
</marc:record>
